000 00700nam a2200193Ia 4500
003 GCL
008 140319s9999 xx 000 0 ara d
040 _aGCL /
_cGCL
082 0 4 _aق
_b709.01
_bم ف
100 1 _aمحمد انور شكرى
245 1 0 _aالفن المصرى القديم : منذ اقدم عصورة حتى نهاية الدولة القديمة /
_cمحمد انور شكرى
250 _aالاولى
260 _aالقاهرة :
_bالمؤسسة المصرية العامة للتاليف
300 _a297 ص:
_bايض ؛
_c30 سم
650 0 4 _aالدولة الفاطمية
650 0 4 _aالفن المصرى القديم
650 0 4 _aالفن
942 _2ddc
_cBK
999 _c36376
_d36376